00347nam a2200133Ia 4500008004100000020001500041041001200056082002000068100001700088245004300105260002700148300001300175650002500188231217s9999 xx 000 0 und d a8178814226 aEnglish a352.4 ANI;1 R aAnita, C ed. 0aTreasury outsourcing : an introduction c2005bIcfaiaHyderabad axvi, 158 aTreasury,outsourcing